000 00625nam a22002177a 4500
003 UA-OsUOA
001 102426
007 ta
008 20130913b un ||||| |||| 00| 0 ukr d
100 _aМиколенко О.
090 _a82
_bМ59
942 _cSA
040 _aUA-OsUOA
_bukr
_cUA-OsUOA
_dUA-OsUOA
245 _aДаввня українська літкратура
300 _aС.9-20
955 _a0
041 _aukr
080 _a82
773 0 _w102425
_tУкраїнська мова та література
_dК.
_d2013
_g17
650 7 _a82 Література. Літературознавство
_2UDC
999 _c388645
_d388645